[Event "T-Director's Swiss sytem"]
[Site "playchess.com #662980"]
[Date "2014.03.16"]
[Round "2"]
[White "FoxyMoves2"]
[Black "Jorden"]
[Result "0-1"]
[WhiteElo "2001"]
[BlackElo "2504"]
[PlyCount "74"]
[EventDate "2014.03.16"]
[EventType "swiss (blitz)"]

1. d4 {[%emt 0:00:03]} d5 {[%emt 0:00:01]} 2. c4 {[%emt 0:00:01]} c6 {[%emt 0:
00:03]} 3. Nc3 {[%emt 0:00:01]} Nf6 {[%emt 0:00:00]} 4. Nf3 {[%emt 0:00:01]}
dxc4 {[%emt 0:00:01]} 5. a4 {[%emt 0:00:08]} e6 {[%emt 0:00:02]} 6. g3 {[%emt
0:00:01]} c5 {[%emt 0:00:05]} 7. Bg2 {[%emt 0:00:06]} Nc6 {[%emt 0:00:02]} 8.
Bf4 {[%emt 0:00:50]} cxd4 {[%emt 0:00:02]} 9. Nb5 {[%emt 0:00:01]} Bb4+ {[%emt
0:00:02]} 10. Kf1 {[%emt 0:00:01]} Nd5 {[%emt 0:00:00]} 11. Nfxd4 {[%emt 0:00:
10]} Nxf4 {[%emt 0:00:07]} 12. Nxc6 {[%emt 0:00:03]} bxc6 {[%emt 0:00:01]} 13.
Bxc6+ {[%emt 0:00:06]} Bd7 {[%emt 0:00:01]} 14. Bxd7+ {[%emt 0:00:17]} Qxd7 {
[%emt 0:00:00]} 15. Qxd7+ {[%emt 0:00:03]} Kxd7 {[%emt 0:00:00]} 16. gxf4 {
[%emt 0:00:04]} a6 {[%emt 0:00:00]} 17. Rd1+ {[%emt 0:00:02]} Ke7 {[%emt 0:00:
02]} 18. Nd4 {[%emt 0:00:03]} Rhc8 {[%emt 0:00:04]} 19. e3 {[%emt 0:00:09]}
Rab8 {[%emt 0:00:02]} 20. Kg2 {[%emt 0:00:16]} Bc5 {[%emt 0:00:02]} 21. Rd2 {
[%emt 0:00:44]} Bxd4 {[%emt 0:00:04]} 22. Rxd4 {[%emt 0:00:35]} Rxb2 {[%emt 0:
00:03]} 23. Rc1 {[%emt 0:00:01]} c3 {[%emt 0:00:02]} 24. Rd3 {[%emt 0:00:04]}
c2 {[%emt 0:00:01]} 25. Rd2 {[%emt 0:00:01]} Rc7 {[%emt 0:00:06]} 26. Kf3 {
[%emt 0:00:02]} Kf6 {[%emt 0:00:03]} 27. Ke4 {[%emt 0:00:05]} h5 {[%emt 0:00:
05]} 28. Kd3 {[%emt 0:00:03]} Kf5 {[%emt 0:00:01]} 29. f3 {[%emt 0:00:15]} Rb3+
{[%emt 0:00:21]} 30. Ke2 {[%emt 0:00:02]} Rcc3 {[%emt 0:00:01]} 31. Rdxc2 {
[%emt 0:00:18]} Rxe3+ {[%emt 0:00:03]} 32. Kf2 {[%emt 0:00:02]} Rxf3+ {[%emt 0:
00:01]} 33. Kg2 {[%emt 0:00:00]} Rxf4 {[%emt 0:00:01]} 34. Rc5+ {[%emt 0:00:04]
} e5 {[%emt 0:00:02]} 35. a5 {[%emt 0:00:05]} Rb2+ {[%emt 0:00:04]} 36. Kg3 {
[%emt 0:00:01]} h4+ {[%emt 0:00:01]} 37. Kh3 {[%emt 0:00:00]} Rf3+ {[%emt 0:00:
02] FoxyMoves2 resigns} 0-1

[Event "T-Director's Swiss sytem"]
[Site "playchess.com #662980"]
[Date "2014.03.16"]
[Round "3"]
[White "FoxyMoves2"]
[Black "Zngor"]
[Result "1/2-1/2"]
[WhiteElo "1999"]
[BlackElo "1677"]
[PlyCount "134"]
[EventDate "2014.03.16"]
[EventType "swiss (blitz)"]

1. d4 {[%emt 0:00:02]} Nf6 {[%emt 0:00:02]} 2. c4 {[%emt 0:00:01]} d6 {[%emt 0:
00:01]} 3. Nc3 {[%emt 0:00:02]} g6 {[%emt 0:00:02]} 4. e4 {[%emt 0:00:02]} Bg7
{[%emt 0:00:01]} 5. Nf3 {[%emt 0:00:01]} O-O {[%emt 0:00:01]} 6. Be2 {[%emt 0:
00:09]} Bg4 {[%emt 0:00:02]} 7. Qb3 {[%emt 0:00:18]} Bxf3 {[%emt 0:00:20]} 8.
Bxf3 {[%emt 0:00:02]} Nc6 {[%emt 0:00:02]} 9. Be3 {[%emt 0:00:07]} e5 {[%emt 0:
00:04]} 10. d5 {[%emt 0:00:20]} Nd4 {[%emt 0:00:01]} 11. Qd1 {[%emt 0:00:22]}
c5 {[%emt 0:00:10]} 12. dxc6 {[%emt 0:00:02]} Nxc6 {[%emt 0:00:01]} 13. Bg5 {
[%emt 0:00:08]} h6 {[%emt 0:00:12]} 14. Bxf6 {[%emt 0:00:03]} Bxf6 {[%emt 0:00:
05]} 15. O-O {[%emt 0:00:11]} Nd4 {[%emt 0:00:02]} 16. Ne2 {[%emt 0:00:09]}
Nxf3+ {[%emt 0:00:04]} 17. gxf3 {[%emt 0:00:00]} Bg5 {[%emt 0:00:06]} 18. Kh1 {
[%emt 0:00:29]} Qe7 {[%emt 0:00:10]} 19. Nc3 {[%emt 0:00:06]} Bf4 {[%emt 0:00:
09]} 20. Rg1 {[%emt 0:00:04]} Rac8 {[%emt 0:00:08]} 21. b3 {[%emt 0:00:12]} Qh4
{[%emt 0:00:09]} 22. Rg2 {[%emt 0:00:06]} Kh7 {[%emt 0:00:09]} 23. Qd5 {[%emt
0:00:08]} Qh5 {[%emt 0:00:12]} 24. Qd3 {[%emt 0:00:32]} a6 {[%emt 0:00:14]} 25.
Nd5 {[%emt 0:00:03]} Bg5 {[%emt 0:00:18]} 26. Rag1 {[%emt 0:00:07]} f5 {[%emt
0:00:09]} 27. a4 {[%emt 0:00:33]} fxe4 {[%emt 0:00:04]} 28. fxe4 {[%emt 0:00:
01]} Rf3 {[%emt 0:00:14]} 29. Qd1 {[%emt 0:00:11]} Rcf8 {[%emt 0:00:08]} 30.
Qc2 {[%emt 0:00:33]} Rh3 {[%emt 0:00:31]} 31. c5 {[%emt 0:00:05]} dxc5 {[%emt
0:00:25]} 32. Qxc5 {[%emt 0:00:01]} Rf7 {[%emt 0:00:16]} 33. Qc2 {[%emt 0:00:
16]} Bf4 {[%emt 0:00:04]} 34. Nxf4 {[%emt 0:00:01]} exf4 {[%emt 0:00:06]} 35.
f3 {[%emt 0:00:02]} Qxf3 {[%emt 0:00:09]} 36. e5 {[%emt 0:00:00]} Qh5 {[%emt 0:
00:28]} 37. Rxg6 {[%emt 0:00:21]} Qf3+ {[%emt 0:00:34] '} 38. Qg2 {[%emt 0:00:
12]} Qxg2+ {[%emt 0:00:03]} 39. Kxg2 {[%emt 0:00:02]} Rh5 {[%emt 0:00:03]} 40.
Re6 {[%emt 0:00:04]} Rg5+ {[%emt 0:00:05]} 41. Kf2 {[%emt 0:00:00]} Rxg1 {
[%emt 0:00:05]} 42. Kxg1 {[%emt 0:00:00]} f3 {[%emt 0:00:01]} 43. Kf2 {[%emt 0:
00:00]} h5 {[%emt 0:00:06]} 44. Rb6 {[%emt 0:00:01]} Re7 {[%emt 0:00:05]} 45.
e6 {[%emt 0:00:00]} Kg6 {[%emt 0:00:02]} 46. Kxf3 {[%emt 0:00:01]} Kf6 {[%emt
0:00:01]} 47. Kf4 {[%emt 0:00:00]} Rxe6 {[%emt 0:00:05]} 48. Rxe6+ {[%emt 0:00:
01]} Kxe6 {[%emt 0:00:01]} 49. Kg5 {[%emt 0:00:00]} b5 {[%emt 0:00:02]} 50. h4
{[%emt 0:00:01]} bxa4 {[%emt 0:00:03]} 51. bxa4 {[%emt 0:00:00]} a5 {[%emt 0:
00:02]} 52. Kxh5 {[%emt 0:00:00]} Kf5 {[%emt 0:00:01]} 53. Kh6 {[%emt 0:00:03]}
Kf6 {[%emt 0:00:01]} 54. h5 {[%emt 0:00:03]} Kf7 {[%emt 0:00:02]} 55. Kg5 {
[%emt 0:00:00]} Kg7 {[%emt 0:00:01]} 56. Kf5 {[%emt 0:00:01]} Kh6 {[%emt 0:00:
01]} 57. Ke5 {[%emt 0:00:00]} Kxh5 {[%emt 0:00:01]} 58. Kd5 {[%emt 0:00:00]}
Kg5 {[%emt 0:00:01]} 59. Kc5 {[%emt 0:00:00]} Kf6 {[%emt 0:00:01]} 60. Kb5 {
[%emt 0:00:00]} Ke6 {[%emt 0:00:01]} 61. Kxa5 {[%emt 0:00:01]} Kd7 {[%emt 0:00:
01]} 62. Kb6 {[%emt 0:00:00]} Kc8 {[%emt 0:00:01]} 63. Ka7 {[%emt 0:00:01]} Kc7
{[%emt 0:00:01]} 64. a5 {[%emt 0:00:11]} Kc8 {[%emt 0:00:02]} 65. Ka8 {[%emt 0:
00:05]} Kc7 {[%emt 0:00:01]} 66. a6 {[%emt 0:00:03]} Kc8 {[%emt 0:00:01]} 67.
a7 {[%emt 0:00:03]} Kc7 {[%emt 0:00:01]} 1/2-1/2

[Event "T-Director's Swiss sytem"]
[Site "playchess.com #662980"]
[Date "2014.03.16"]
[Round "6"]
[White "Fxpodvin"]
[Black "Bvibcrinworld"]
[Result "0-1"]
[WhiteElo "1981"]
[BlackElo "1777"]
[PlyCount "69"]
[EventDate "2014.03.16"]
[EventType "swiss (blitz)"]

1. e4 {[%emt 0:00:02]} e6 {[%emt 0:00:14]} 2. d4 {[%emt 0:00:03]} d5 {[%emt 0:
00:04]} 3. Nc3 {[%emt 0:00:01]} Nf6 {[%emt 0:00:05]} 4. e5 {[%emt 0:00:01]}
Nfd7 {[%emt 0:00:06]} 5. f4 {[%emt 0:00:01]} c5 {[%emt 0:00:05]} 6. Nf3 {[%emt
0:00:01]} cxd4 {[%emt 0:00:05]} 7. Nxd4 {[%emt 0:00:02]} Bc5 {[%emt 0:00:05]}
8. Be3 {[%emt 0:00:02]} Nc6 {[%emt 0:00:08]} 9. Qd2 {[%emt 0:00:03]} Nxd4 {
[%emt 0:00:08]} 10. Bxd4 {[%emt 0:00:02]} O-O {[%emt 0:00:06]} 11. O-O-O {
[%emt 0:00:06]} a6 {[%emt 0:00:05]} 12. h4 {[%emt 0:00:01]} b5 {[%emt 0:00:06]}
13. h5 {[%emt 0:00:05]} h6 {[%emt 0:00:06]} 14. g4 {[%emt 0:00:03]} b4 {[%emt
0:00:11]} 15. Ne2 {[%emt 0:00:03]} a5 {[%emt 0:00:04]} 16. Qe3 {[%emt 0:00:09]}
Qc7 {[%emt 0:00:05]} 17. Kb1 {[%emt 0:00:02]} a4 {[%emt 0:00:06]} 18. g5 {
[%emt 0:00:04]} hxg5 {[%emt 0:00:05]} 19. fxg5 {[%emt 0:00:10]} Bxd4 {[%emt 0:
00:08]} 20. Nxd4 {[%emt 0:00:03]} Qxe5 {[%emt 0:00:06]} 21. Qh3 {[%emt 0:00:07]
} Qxg5 {[%emt 0:00:04]} 22. Bd3 {[%emt 0:00:05]} Qh6 {[%emt 0:00:07]} 23. Nc6 {
[%emt 0:00:08]} a3 {[%emt 0:00:04]} 24. Ne7+ {[%emt 0:00:02]} Kh8 {[%emt 0:00:
02]} 25. Qg3 {[%emt 0:00:08]} Qf6 {[%emt 0:00:07]} 26. Ng6+ {[%emt 0:00:04]}
Kg8 {[%emt 0:00:05]} 27. c3 {[%emt 0:00:07]} bxc3 {[%emt 0:00:05]} 28. Rh2 {
[%emt 0:00:09]} c2+ {[%emt 0:00:08]} 29. Rxc2 {[%emt 0:00:04]} fxg6 {[%emt 0:
00:06]} 30. hxg6 {[%emt 0:00:05]} Qf3 {[%emt 0:00:06]} 31. Qg1 {[%emt 0:00:26]}
axb2 {[%emt 0:00:10]} 32. Rh2 {[%emt 0:00:05]} Rf4 {[%emt 0:00:16]} 33. Rxb2 {
[%emt 0:00:42]} Ne5 {[%emt 0:00:09]} 34. Bc2 {[%emt 0:00:10]} Nc4 {[%emt 0:00:
26]} 35. Qh2 {[%emt 0:00:59] Fxpodvin abandonne} 0-1

[Event "T-Director's Swiss sytem"]
[Site "playchess.com #662980"]
[Date "2014.03.16"]
[Round "5"]
[White "Fxpodvin"]
[Black "Jrt"]
[Result "0-1"]
[WhiteElo "1994"]
[BlackElo "2381"]
[PlyCount "54"]
[EventDate "2014.03.16"]
[EventType "swiss (blitz)"]

1. e4 {[%emt 0:00:02]} e5 {[%emt 0:00:01]} 2. Nf3 {[%emt 0:00:04]} Nc6 {[%emt
0:00:01]} 3. Nc3 {[%emt 0:00:01]} Nf6 {[%emt 0:00:01]} 4. d4 {[%emt 0:00:01]}
exd4 {[%emt 0:00:01]} 5. Nxd4 {[%emt 0:00:00]} Bb4 {[%emt 0:00:01]} 6. Nxc6 {
[%emt 0:00:00]} bxc6 {[%emt 0:00:00]} 7. Bd3 {[%emt 0:00:01]} d6 {[%emt 0:00:
01]} 8. O-O {[%emt 0:00:02]} Ng4 {[%emt 0:00:01]} 9. h3 {[%emt 0:00:04]} Ne5 {
[%emt 0:00:02]} 10. f4 {[%emt 0:00:01]} Bc5+ {[%emt 0:00:21]} 11. Kh1 {[%emt 0:
00:02]} Nxd3 {[%emt 0:00:03]} 12. Qxd3 {[%emt 0:00:06]} O-O {[%emt 0:00:01]}
13. f5 {[%emt 0:00:05]} Qf6 {[%emt 0:00:06]} 14. Ne2 {[%emt 0:00:04]} Rb8 {
[%emt 0:00:05]} 15. Nf4 {[%emt 0:00:04]} Re8 {[%emt 0:00:05]} 16. Nh5 {[%emt 0:
00:02]} Qe5 {[%emt 0:00:04]} 17. Bf4 {[%emt 0:00:07]} Qxb2 {[%emt 0:00:11]} 18.
Qg3 {[%emt 0:00:22]} g6 {[%emt 0:00:09]} 19. Bg5 {[%emt 0:00:10]} Bd4 {[%emt 0:
00:04]} 20. Nf6+ {[%emt 0:00:08]} Bxf6 {[%emt 0:00:05]} 21. fxg6 {[%emt 0:00:
01]} Qxa1 {[%emt 0:00:01]} 22. Rxa1 {[%emt 0:00:05]} Bxa1 {[%emt 0:00:03]} 23.
gxf7+ {[%emt 0:00:20]} Kxf7 {[%emt 0:00:04]} 24. Qf4+ {[%emt 0:00:01]} Kg8 {
[%emt 0:00:03]} 25. Bf6 {[%emt 0:00:02]} Bxf6 {[%emt 0:00:06]} 26. Qxf6 {[%emt
0:00:04]} Rb5 {[%emt 0:00:00]} 27. c4 {[%emt 0:00:05]} Rbe5 {[%emt 0:00:05]
Fxpodvin abandonne} 0-1

[Event "T-Director's Swiss sytem"]
[Site "playchess.com #662980"]
[Date "2014.03.16"]
[Round "2"]
[White "Fxpodvin"]
[Black "Ultimatewinner_a"]
[Result "1-0"]
[WhiteElo "1746"]
[BlackElo "2070"]
[PlyCount "111"]
[EventDate "2014.03.16"]
[EventType "swiss (blitz)"]

1. e4 {[%emt 0:00:06]} e5 {[%emt 0:00:02]} 2. Nf3 {[%emt 0:00:01]} Nc6 {[%emt
0:00:02]} 3. Nc3 {[%emt 0:00:01]} Nf6 {[%emt 0:00:01]} 4. d4 {[%emt 0:00:02]}
exd4 {[%emt 0:00:02]} 5. Nxd4 {[%emt 0:00:00]} Bb4 {[%emt 0:00:01]} 6. Nxc6 {
[%emt 0:00:00]} bxc6 {[%emt 0:00:00]} 7. Bd3 {[%emt 0:00:01]} O-O {[%emt 0:00:
01]} 8. O-O {[%emt 0:00:01]} d5 {[%emt 0:00:00]} 9. exd5 {[%emt 0:00:00]} cxd5
{[%emt 0:00:01]} 10. Bg5 {[%emt 0:00:00]} c6 {[%emt 0:00:01]} 11. Qf3 {[%emt 0:
00:01]} Be7 {[%emt 0:00:02]} 12. Rae1 {[%emt 0:00:01]} Be6 {[%emt 0:00:05]} 13.
Nd1 {[%emt 0:00:15]} h6 {[%emt 0:00:10]} 14. Bh4 {[%emt 0:00:03]} Rb8 {[%emt 0:
00:05]} 15. b3 {[%emt 0:00:04]} Re8 {[%emt 0:00:12]} 16. Ne3 {[%emt 0:00:06]}
Rb4 {[%emt 0:00:21]} 17. c4 {[%emt 0:00:12]} d4 {[%emt 0:01:06]} 18. Nf5 {
[%emt 0:00:58]} c5 {[%emt 0:00:41]} 19. Nxe7+ {[%emt 0:00:30]} Qxe7 {[%emt 0:
00:03]} 20. Bxf6 {[%emt 0:00:02]} Qxf6 {[%emt 0:00:02]} 21. Qxf6 {[%emt 0:00:
01]} gxf6 {[%emt 0:00:00]} 22. f4 {[%emt 0:00:01]} Rbb8 {[%emt 0:00:10]} 23.
Kf2 {[%emt 0:00:07]} f5 {[%emt 0:00:14]} 24. Re5 {[%emt 0:00:03]} Rbc8 {[%emt
0:00:13]} 25. Rfe1 {[%emt 0:00:03]} Kf8 {[%emt 0:00:21]} 26. Bxf5 {[%emt 0:00:
18]} Bxf5 {[%emt 0:00:02]} 27. Rxf5 {[%emt 0:00:00]} Rxe1 {[%emt 0:00:02]} 28.
Kxe1 {[%emt 0:00:00]} Re8+ {[%emt 0:00:03]} 29. Kd2 {[%emt 0:00:02]} Re4 {
[%emt 0:00:18]} 30. g3 {[%emt 0:00:05]} Re3 {[%emt 0:00:03]} 31. Rxc5 {[%emt 0:
00:03]} Rf3 {[%emt 0:00:00]} 32. Re5 {[%emt 0:00:06]} f6 {[%emt 0:00:08]} 33.
Re4 {[%emt 0:00:05]} Rf2+ {[%emt 0:00:02]} 34. Re2 {[%emt 0:00:08]} Rf3 {[%emt
0:00:02]} 35. Re4 {[%emt 0:00:09]} Rf2+ {[%emt 0:00:01]} 36. Kd3 {[%emt 0:00:
01]} Rxh2 {[%emt 0:00:01]} 37. Rxd4 {[%emt 0:00:01]} Rxa2 {[%emt 0:00:00]} 38.
c5 {[%emt 0:00:01]} Rg2 {[%emt 0:00:02]} 39. c6 {[%emt 0:00:01]} Rxg3+ {[%emt
0:00:01]} 40. Kc2 {[%emt 0:00:06]} Ke7 {[%emt 0:00:07]} 41. Rd7+ {[%emt 0:00:
02]} Ke6 {[%emt 0:00:01]} 42. Rxa7 {[%emt 0:00:04]} Rg4 {[%emt 0:00:08]} 43.
f5+ {[%emt 0:00:08]} Kxf5 {[%emt 0:00:18]} 44. Re7 {[%emt 0:00:19]} h5 {[%emt
0:00:16]} 45. c7 {[%emt 0:00:02]} Rg8 {[%emt 0:00:02]} 46. b4 {[%emt 0:00:01]}
Rh8 {[%emt 0:00:04]} 47. b5 {[%emt 0:00:01]} h4 {[%emt 0:00:01]} 48. b6 {[%emt
0:00:01]} h3 {[%emt 0:00:01]} 49. b7 {[%emt 0:00:01]} h2 {[%emt 0:00:03]} 50.
c8=Q+ {[%emt 0:00:01]} Rxc8+ {[%emt 0:00:07]} 51. bxc8=Q+ {[%emt 0:00:00]} Kg5
{[%emt 0:00:01]} 52. Rg7+ {[%emt 0:00:03]} Kf4 {[%emt 0:00:02]} 53. Qg4+ {
[%emt 0:00:02]} Ke3 {[%emt 0:00:01]} 54. Re7+ {[%emt 0:00:03]} Kf2 {[%emt 0:00:
01]} 55. Re2+ {[%emt 0:00:01]} Kf1 {[%emt 0:00:00]} 56. Qg2# {[%emt 0:00:01]}
1-0

[Event "T-Director's Swiss sytem"]
[Site "playchess.com #662980"]
[Date "2014.03.16"]
[Round "8"]
[White "GDnp"]
[Black "All4tactics"]
[Result "1-0"]
[WhiteElo "1623"]
[BlackElo "1804"]
[PlyCount "123"]
[EventDate "2014.03.16"]
[EventType "swiss (blitz)"]

1. c4 {[%emt 0:00:02]} Nf6 {[%emt 0:00:28]} 2. Nc3 {[%emt 0:00:02]} g6 {[%emt
0:00:03]} 3. g3 {[%emt 0:00:01]} Bg7 {[%emt 0:00:02]} 4. Bg2 {[%emt 0:00:00]}
c6 {[%emt 0:00:02]} 5. e4 {[%emt 0:00:02]} d6 {[%emt 0:00:02]} 6. h3 {[%emt 0:
00:01]} a6 {[%emt 0:00:02]} 7. Nge2 {[%emt 0:00:02]} e5 {[%emt 0:00:02]} 8. O-O
{[%emt 0:00:02]} O-O {[%emt 0:00:03]} 9. d4 {[%emt 0:00:03]} b5 {[%emt 0:00:08]
} 10. Qb3 {[%emt 0:00:14]} bxc4 {[%emt 0:00:06]} 11. Qxc4 {[%emt 0:00:02]} Be6
{[%emt 0:00:04]} 12. Qd3 {[%emt 0:00:12]} Qc8 {[%emt 0:00:06]} 13. Kh2 {[%emt
0:00:02]} Nbd7 {[%emt 0:00:10]} 14. Bg5 {[%emt 0:00:09]} h6 {[%emt 0:00:09]}
15. Be3 {[%emt 0:00:05]} Kh7 {[%emt 0:00:02]} 16. Rac1 {[%emt 0:00:09]} exd4 {
[%emt 0:00:13]} 17. Nxd4 {[%emt 0:00:07]} Nc5 {[%emt 0:00:03]} 18. Qd2 {[%emt
0:00:11]} Bc4 {[%emt 0:00:04]} 19. Nde2 {[%emt 0:00:27]} Qe6 {[%emt 0:00:24]}
20. b3 {[%emt 0:00:04]} Bxe2 {[%emt 0:00:05]} 21. Nxe2 {[%emt 0:00:11]} Ncxe4 {
[%emt 0:00:01]} 22. Qb4 {[%emt 0:00:13]} c5 {[%emt 0:00:05]} 23. Qc4 {[%emt 0:
00:13]} d5 {[%emt 0:00:07]} 24. Qc2 {[%emt 0:00:15]} d4 {[%emt 0:00:02]} 25.
Bf4 {[%emt 0:00:16]} Rac8 {[%emt 0:00:15]} 26. f3 {[%emt 0:00:31]} Nd6 {[%emt
0:00:28]} 27. Rfe1 {[%emt 0:00:07]} Qd5 {[%emt 0:00:36]} 28. Bxd6 {[%emt 0:00:
13]} Qxd6 {[%emt 0:00:03]} 29. f4 {[%emt 0:00:00]} Nd5 {[%emt 0:00:07]} 30. Qd3
{[%emt 0:00:14]} Nb4 {[%emt 0:00:07]} 31. Qb1 {[%emt 0:00:05]} d3 {[%emt 0:00:
03]} 32. Rcd1 {[%emt 0:00:10]} Qf6 {[%emt 0:00:17]} 33. Ng1 {[%emt 0:00:20]}
Rcd8 {[%emt 0:00:03]} 34. a3 {[%emt 0:00:05]} Nc2 {[%emt 0:00:03]} 35. Rxd3 {
[%emt 0:00:16]} Nxe1 {[%emt 0:00:16]} 36. Rxd8 {[%emt 0:00:02]} Rxd8 {[%emt 0:
00:02]} 37. Qxe1 {[%emt 0:00:00]} Qc3 {[%emt 0:00:09]} 38. Qf1 {[%emt 0:00:20]}
Rd2 {[%emt 0:00:06]} 39. Nf3 {[%emt 0:00:11]} Qxb3 {[%emt 0:00:05]} 40. Nxd2 {
[%emt 0:00:03]} Qxa3 {[%emt 0:00:03]} 41. Qe2 {[%emt 0:00:02]} Bd4 {[%emt 0:00:
07]} 42. Be4 {[%emt 0:00:02]} Qb2 {[%emt 0:00:06]} 43. f5 {[%emt 0:00:06]} Kg7
{[%emt 0:00:05]} 44. Qd3 {[%emt 0:00:08]} a5 {[%emt 0:00:05]} 45. fxg6 {[%emt
0:00:07]} Bc3 {[%emt 0:00:07]} 46. Qc2 {[%emt 0:00:06]} Qxc2 {[%emt 0:00:02]}
47. Bxc2 {[%emt 0:00:04]} Bxd2 {[%emt 0:00:01]} 48. gxf7 {[%emt 0:00:02]} Kxf7
{[%emt 0:00:02]} 49. Kg2 {[%emt 0:00:01]} Kf6 {[%emt 0:00:04] GDnp ofrece
tablas} 50. Kf3 {[%emt 0:00:06]} Ke5 {[%emt 0:00:00]} 51. Ke2 {[%emt 0:00:05]}
Kd4 {[%emt 0:00:00]} 52. Kxd2 {[%emt 0:00:01]} c4 {[%emt 0:00:01]} 53. Ba4 {
[%emt 0:00:03]} c3+ {[%emt 0:00:05]} 54. Kc2 {[%emt 0:00:03]} Kc4 {[%emt 0:00:
01]} 55. Bb3+ {[%emt 0:00:04]} Kb4 {[%emt 0:00:01]} 56. Bg8 {[%emt 0:00:02]} a4
{[%emt 0:00:01]} 57. g4 {[%emt 0:00:02]} a3 {[%emt 0:00:00]} 58. h4 {[%emt 0:
00:02]} a2 {[%emt 0:00:10]} 59. Bxa2 {[%emt 0:00:02]} Kc5 {[%emt 0:00:04]} 60.
Kxc3 {[%emt 0:00:01]} Kc6 {[%emt 0:00:02]} 61. Kd4 {[%emt 0:00:01]} Kd6 {[%emt
0:00:00]} 62. Ke4 {[%emt 0:00:01] All4tactics resigns} 1-0

[Event "T-Director's Swiss sytem"]
[Site "playchess.com #662980"]
[Date "2014.03.16"]
[Round "3"]
[White "GDnp"]
[Black "El Viento"]
[Result "1-0"]
[WhiteElo "1618"]
[BlackElo "1069"]
[PlyCount "85"]
[EventDate "2014.03.16"]
[EventType "swiss (blitz)"]

1. e4 {[%emt 0:00:04]} e5 {[%emt 0:00:03]} 2. Nf3 {[%emt 0:00:03]} Nc6 {[%emt
0:00:02]} 3. Bc4 {[%emt 0:00:01]} Nf6 {[%emt 0:00:04]} 4. O-O {[%emt 0:00:04]}
Nxe4 {[%emt 0:00:05]} 5. Re1 {[%emt 0:00:02]} d5 {[%emt 0:00:08]} 6. Bb5 {
[%emt 0:00:06]} Bd7 {[%emt 0:00:05]} 7. d3 {[%emt 0:00:05]} Nf6 {[%emt 0:00:18]
} 8. Bxc6 {[%emt 0:00:06]} Bxc6 {[%emt 0:00:03]} 9. Nxe5 {[%emt 0:00:02]} Be7 {
[%emt 0:00:08]} 10. Nxc6 {[%emt 0:00:03]} bxc6 {[%emt 0:00:04]} 11. Nc3 {[%emt
0:00:05]} O-O {[%emt 0:00:03]} 12. a3 {[%emt 0:00:04]} Re8 {[%emt 0:00:03]} 13.
Bf4 {[%emt 0:00:03]} Bd6 {[%emt 0:00:04]} 14. Qf3 {[%emt 0:00:14]} Rb8 {[%emt
0:00:06]} 15. Rxe8+ {[%emt 0:00:10]} Qxe8 {[%emt 0:00:04]} 16. Bxd6 {[%emt 0:
00:14]} cxd6 {[%emt 0:00:07]} 17. b3 {[%emt 0:00:06]} h6 {[%emt 0:00:05]} 18.
Kf1 {[%emt 0:00:03]} a6 {[%emt 0:00:17]} 19. Re1 {[%emt 0:00:02]} Qc8 {[%emt 0:
00:10]} 20. Qf4 {[%emt 0:00:05]} Qc7 {[%emt 0:00:17]} 21. Qa4 {[%emt 0:00:12]}
a5 {[%emt 0:00:15]} 22. Qf4 {[%emt 0:00:16]} c5 {[%emt 0:00:10]} 23. h3 {[%emt
0:00:20]} d4 {[%emt 0:00:06]} 24. Ne4 {[%emt 0:00:06]} Nd5 {[%emt 0:00:09]} 25.
Qxd6 {[%emt 0:00:06]} Qxd6 {[%emt 0:00:10]} 26. Nxd6 {[%emt 0:00:02]} Nc3 {
[%emt 0:00:08]} 27. Re8+ {[%emt 0:00:14]} Rxe8 {[%emt 0:00:09]} 28. Nxe8 {
[%emt 0:00:00]} a4 {[%emt 0:00:07]} 29. Nd6 {[%emt 0:00:12]} g5 {[%emt 0:00:23]
} 30. Ne4 {[%emt 0:00:11]} Nxe4 {[%emt 0:00:11]} 31. dxe4 {[%emt 0:00:03]} axb3
{[%emt 0:00:03]} 32. cxb3 {[%emt 0:00:04]} Kg7 {[%emt 0:00:04]} 33. Ke2 {[%emt
0:00:02]} Kf6 {[%emt 0:00:01]} 34. Kd3 {[%emt 0:00:04]} Ke5 {[%emt 0:00:02]}
35. f3 {[%emt 0:00:03]} f5 {[%emt 0:00:11]} 36. b4 {[%emt 0:00:49]} fxe4+ {
[%emt 0:00:11]} 37. fxe4 {[%emt 0:00:05]} Kd6 {[%emt 0:00:09]} 38. g4 {[%emt 0:
00:14]} Kc6 {[%emt 0:00:11]} 39. Kc4 {[%emt 0:00:09]} d3 {[%emt 0:00:47]} 40.
Kxd3 {[%emt 0:00:05]} cxb4 {[%emt 0:00:03]} 41. axb4 {[%emt 0:00:02]} Kb5 {
[%emt 0:00:03]} 42. Kd4 {[%emt 0:00:02]} Kxb4 {[%emt 0:00:02]} 43. Kd5 {[%emt
0:00:02] El Viento abandonne} 1-0

[Event "T-Director's Swiss sytem"]
[Site "playchess.com #662980"]
[Date "2014.03.16"]
[Round "5"]
[White "GDnp"]
[Black "Khennous8"]
[Result "1-0"]
[WhiteElo "1589"]
[BlackElo "1908"]
[PlyCount "109"]
[EventDate "2014.03.16"]
[EventType "swiss (blitz)"]

1. d4 {[%emt 0:00:05]} Nf6 {[%emt 0:00:03]} 2. Bg5 {[%emt 0:00:05]} Ne4 {[%emt
0:00:09]} 3. Bh4 {[%emt 0:00:07]} g5 {[%emt 0:00:25]} 4. Qd3 {[%emt 0:00:27]}
d5 {[%emt 0:00:05]} 5. f3 {[%emt 0:00:23]} gxh4 {[%emt 0:00:30]} 6. fxe4 {
[%emt 0:00:03]} dxe4 {[%emt 0:00:04]} 7. Qxe4 {[%emt 0:00:03]} Nc6 {[%emt 0:00:
01]} 8. e3 {[%emt 0:00:18]} Be6 {[%emt 0:00:07]} 9. Nc3 {[%emt 0:00:09]} f5 {
[%emt 0:00:33]} 10. Qxh4 {[%emt 0:00:10]} Nb4 {[%emt 0:00:03]} 11. Qf2 {[%emt
0:00:33]} Qd7 {[%emt 0:00:10]} 12. a3 {[%emt 0:00:05]} Nd5 {[%emt 0:00:08]} 13.
Bb5 {[%emt 0:00:19]} c6 {[%emt 0:00:07]} 14. Nxd5 {[%emt 0:00:02]} Bxd5 {[%emt
0:00:05]} 15. Bd3 {[%emt 0:00:03]} O-O-O {[%emt 0:00:23]} 16. Bxf5 {[%emt 0:00:
08]} e6 {[%emt 0:00:01]} 17. Bh3 {[%emt 0:00:06]} Bh6 {[%emt 0:00:01]} 18.
O-O-O {[%emt 0:00:09]} Rhf8 {[%emt 0:00:04]} 19. Qe2 {[%emt 0:00:14]} Kb8 {
[%emt 0:00:18]} 20. Kb1 {[%emt 0:00:23]} Be4 {[%emt 0:00:24]} 21. Nf3 {[%emt 0:
00:08]} Qd6 {[%emt 0:00:17]} 22. Rhf1 {[%emt 0:00:12]} Qxh2 {[%emt 0:00:23]}
23. Ne5 {[%emt 0:00:18]} Rxf1 {[%emt 0:00:46]} 24. Rxf1 {[%emt 0:00:03]} Bg6 {
[%emt 0:00:18]} 25. Ng4 {[%emt 0:00:05]} Qg3 {[%emt 0:00:14]} 26. Nxh6 {[%emt
0:00:03]} e5 {[%emt 0:00:00]} 27. Qf3 {[%emt 0:00:16]} Qg5 {[%emt 0:00:03]} 28.
Ng4 {[%emt 0:00:11]} exd4 {[%emt 0:00:04]} 29. Qf4+ {[%emt 0:00:01]} Qxf4 {
[%emt 0:00:02]} 30. exf4 {[%emt 0:00:08]} Be4 {[%emt 0:00:03]} 31. Nf6 {[%emt
0:00:05]} Bg6 {[%emt 0:00:04]} 32. f5 {[%emt 0:00:02]} Bf7 {[%emt 0:00:01]} 33.
Nxh7 {[%emt 0:00:02]} d3 {[%emt 0:00:01]} 34. cxd3 {[%emt 0:00:07]} Rxd3 {
[%emt 0:00:05]} 35. Ng5 {[%emt 0:00:01]} Bd5 {[%emt 0:00:02]} 36. f6 {[%emt 0:
00:02]} c5 {[%emt 0:00:02]} 37. f7 {[%emt 0:00:01]} Bxf7 {[%emt 0:00:01]} 38.
Nxf7 {[%emt 0:00:01]} c4 {[%emt 0:00:01]} 39. Ne5 {[%emt 0:00:01]} Rd4 {[%emt
0:00:01]} 40. Rf8+ {[%emt 0:00:06]} Kc7 {[%emt 0:00:05]} 41. Rc8+ {[%emt 0:00:
02]} Kd6 {[%emt 0:00:00]} 42. Nxc4+ {[%emt 0:00:03]} Kd5 {[%emt 0:00:02]} 43.
Ne3+ {[%emt 0:00:04]} Ke4 {[%emt 0:00:01]} 44. Re8+ {[%emt 0:00:02]} Kf4 {
[%emt 0:00:00]} 45. Kc2 {[%emt 0:00:02]} Rd6 {[%emt 0:00:03]} 46. b3 {[%emt 0:
00:05]} b5 {[%emt 0:00:01]} 47. b4 {[%emt 0:00:02]} Rc6+ {[%emt 0:00:06]} 48.
Kd2 {[%emt 0:00:03]} Rd6+ {[%emt 0:00:01]} 49. Ke2 {[%emt 0:00:02]} Rc6 {[%emt
0:00:00]} 50. Rf8+ {[%emt 0:00:02]} Kg5 {[%emt 0:00:04]} 51. Rg8+ {[%emt 0:00:
02]} Kf4 {[%emt 0:00:02]} 52. Rf8+ {[%emt 0:00:02]} Kg5 {[%emt 0:00:01]} 53.
Rf5+ {[%emt 0:00:01]} Kg6 {[%emt 0:00:04]} 54. Rxb5 {[%emt 0:00:01]} Rc2+ {
[%emt 0:00:01]} 55. Kd3 {[%emt 0:00:02] Khennous8 abandonne} 1-0